| 000 | 00961nas a2200325 4500 | ||
|---|---|---|---|
| 001 | BR0201505 | ||
| 003 | BR-BrBNA | ||
| 005 | 20231205102836.0 | ||
| 007 | ta | ||
| 008 | 230509b bl.|||p| |||| 00| 00por d | ||
| 040 |
_aBR-BrBNA _bpor _cBiblioteca Nacional de Agricultura |
||
| 041 | _a(Pt) | ||
| 072 | _aQ54; L51 | ||
| 100 | 1 | _aAndrade, J.B. de | |
| 100 | 1 | _aFerrari Júnior, E. | |
| 100 | 1 | _aPossenti, R.A. | |
| 100 | 1 | _aLeinz, F.F. | |
| 100 | 1 | _aBianchini, D. | |
| 100 | 1 | _aRodrigues, C.F. de C. | |
| 245 | 1 | _aValor nutritivo da cana-de-acúcar na forma de silagem ou "in natura" | |
| 650 | _aCANA DE AÇÚCAR | ||
| 650 | _aSILAGEM | ||
| 650 | _aVALOR NUTRITIVO | ||
| 650 | _aCONSUMO ALIMENTAR | ||
| 650 | _aDIGESTIBILIDADE | ||
| 650 | _aPROTEÍNA BRUTA | ||
| 773 | 0 |
_tBoletim de Indústria Animal (Brazil) _xISSN 0067-9615 _g(2001), v. 58(2) p. 135-143 _wBR0201505 |
|
| 909 |
_a202311 _bLúcia _c55 _dLúcia Elande |
||
| 942 |
_2AGRIS _n0 _cANA |
||
| 999 |
_c169643 _d169643 |
||